| 000 | 00386nam a2200157Ia 4500 | ||
|---|---|---|---|
| 008 | 230524s9999 xx 000 0 und d | ||
| 082 |
_a4.22 _bSEX |
||
| 100 |
_aSwati Saxena _942022 |
||
| 245 | 0 | _aAdvanced Computer Architecture | |
| 250 | _a1 | ||
| 260 |
_aNew Delhi _bDhanpat rai _c2013 |
||
| 300 | _a"XI,339p;" | ||
| 500 | _aQuantity Number: 1 | ||
| 650 | _aComp-Sc | ||
| 942 | _cBK | ||
| 999 |
_c56436 _d56436 |
||